| 000 | 01122 a2200193 4500 | ||
|---|---|---|---|
| 003 | Nust | ||
| 005 | 20230620094305.0 | ||
| 010 | _a 87083102 | ||
| 020 | _a0070350892 (McGraw-Hill) | ||
| 040 | _cNust | ||
| 082 | 0 | 0 | _a006.676,KLI |
| 100 | 1 |
_aKliewer, Bradley Dyck. _9113149 |
|
| 245 | 1 | 0 |
_aEGA/VGA, a programmer's reference guide / _cBradley Dyck Kliewer. |
| 260 |
_aNew York, N.Y. : _bIntertext Publications : _bMcGraw-Hill, _cc1988. |
||
| 300 |
_axv, 269 p. : _bill. ; _c23 cm. |
||
| 505 | _aThe Question of Compatibility (Page-1), Introduction to BIOS Writing Modifiable Programs (Page-5), BIOS Screen I/O (Page-27), BIOS EGA/VGA Extensions (Page-45), Physical Construction (Page-79), Introduction to Register Programming (Page-93), The Sequencer Registers (Page-103), The CRT Controller Registers (Page-111), The Attributed Controller Registers (Page-157), The Digital to Analog Converter Registers (VGA only) (Page-169), The BIOS Save Area (Page-173), Displays (Page-183), Programming Tricks and Traps (Page-189), Applications (Page-203). | ||
| 650 | 0 |
_aComputer graphics _xStandards. _9113150 |
|
| 942 |
_2ddc _cBKB |
||
| 999 |
_c176574 _d176574 |
||